00739nam a2200181 a 450000100100000000500170001000800410002704000250006808200150009311101040010824500690021226000740028130000210035550000420037604900090041895201130042799900170054000002549020200930023827.0110217s1957 dr 000 0 spa d aDO-SdBNPbspacBNPHU axxxbC749m1 aCongreso de cultura católica por la paz del mundod(1956 feb. mar. 28-6)cCiudad Trujillo)95213310aMemoria del congreso de cultura católica por la paz del mundo. aCiudad Trujillo, República Dominicana :bEditora del Caribe,c1957. a359 p. ;c24 cm. aIncluye notas al pie de las páginas aBNPD 0010718PDaPDbPDcCTd2011-02-17iLF1l0oxxx C749mp25490-10r2020-06-25w2020-06-25yLFPDZNo se presta c24982d24982